El Qosqo Inka : (Record no. 23149)

000 -CABECERA
fixed length control field 00904nam a22002537i 4500
003 - IDENTIFICADOR DEL NÚMERO DE CONTROL
control field AR-CdUCM
008 - DATOS DE LONGITUD FIJA--INFORMACIÓN GENERAL
fixed length control field 241213b20212021 pe||||| |||| 00| 0 spa d
020 ## - NÚMERO INTERNACIONAL ESTÁNDAR DEL LIBRO
ISBN 978-612-00-6710-9
040 ## - FUENTE DE LA CATALOGACIÓN
Agencia/entidad que catalogó originalmente la obra MUNICIPALIDAD PROVINCIAL DEL CUSCO
Entidad que transcribió la catalogación BIBLIOTECA MUNICIPAL DEL CUSCO
082 ## - NÚMERO DE LA CLASIFICACIÓN DECIMAL DEWEY
No. de Clasificación 770 / V21
Notacion interna V21
100 ## - ENTRADA PRINCIPAL--NOMBRE DE PERSONA
Nombre Personal Valer Farfán, Amadeo
245 ## - MENCIÓN DE TÍTULO
Título El Qosqo Inka :
Resto del título Albun interpretativo /
260 ## - PUBLICACIÓN, DISTRIBUCIÓN, ETC.
Lugar de publicación, distribución, etc. cusco :
Fecha de publicación, distribución, etc. 2015
300 ## - DESCRIPCIÓN FÍSICA
Nº de Páginas Extensión 212 páginas. :
Dimensiones 24cm.
505 ## - NOTA DE CONTENIDO CON FORMATO
Nota de contenido formateada Principales civilizaciones del viejo mundo -- Caral -- Kotosh -- Chavín de Huántar -- Mochica -- Tiahuanaco -- Lago Morkill-Qosqo -- Qosqo Inka
650 ## - PUNTO DE ACCESO ADICIONAL DE MATERIA--TÉRMINO DE MATERIA
Descriptor Fotos temáticas cultura inca
9 (RLIN) 50888
650 ## - PUNTO DE ACCESO ADICIONAL DE MATERIA--TÉRMINO DE MATERIA
Descriptor Arquitectura
9 (RLIN) 3356
650 ## - PUNTO DE ACCESO ADICIONAL DE MATERIA--TÉRMINO DE MATERIA
Descriptor Paisajes
9 (RLIN) 13142
650 ## - PUNTO DE ACCESO ADICIONAL DE MATERIA--TÉRMINO DE MATERIA
Descriptor Zonas arqueológicas
9 (RLIN) 49428
650 ## - PUNTO DE ACCESO ADICIONAL DE MATERIA--TÉRMINO DE MATERIA
Descriptor Sitios arqueológicos
9 (RLIN) 7688
942 ## - ELEMENTOS DE PUNTO DE ACCESO ADICIONAL (KOHA)
Fuente de clasificación
Tipo de item Libros-BMC
945 ## - PROCESAMIENTO DE INFORMACIÓN LOCAL (OCLC)
Catalogador pbj
AAAA-MM-DD - Fecha de ingreso o modificacion 13-12-2024
Holdings
Estado de retiro (separado) Fuente de clasificación o esquema de estanterías Estado dañado Ubicación Sala donde se ubica Nombre de la colección Fecha de adquisición o compra Fuente de adquisición Costo, precio normal en soles Signatura topográfica Código de Barras Última vez visto (Koha) Tipo de ítem (Koha)
No     Sala Artes Sala Artes Book Cart 2024-12-13 Donación 15.00 770 / V21 SA0000000758 2024-12-13 Libros-BMC

Powered by Koha